| Tag |
First Indicator |
Second Indicator |
Subfields |
| LEADER |
00000cas a2200000 a 4500 |
| 001 |
in00000087999 |
| 005 |
20151008064945.0 |
| 008 |
800624c19819999txuau 0uuu 0engmd |
| 035 |
|
|
|a (OCoLC)06454652
|
| 035 |
|
|
|9 AAK5098AM
|
| 040 |
|
|
|a WYU
|c WYU
|d TXA
|d UtOrBLW
|
| 049 |
|
|
|a TXAE
|
| 090 |
|
|
|a QP519
|b .L25
|
| 245 |
0 |
0 |
|a Laboratory methods manual for hormone action and molecular endocrinology.
|
| 264 |
|
1 |
|a Houston, Tex. :
|b Dept. of Cell Biology, Baylor College of Medicine, Texas Medical Center,
|c 1980-
|
| 300 |
|
|
|a volumes :
|b illustrations ;
|c 28 cm.
|
| 336 |
|
|
|a text
|b txt
|2 rdacontent
|
| 337 |
|
|
|a unmediated
|b n
|2 rdamedia
|
| 338 |
|
|
|a volume
|b nc
|2 rdacarrier
|
| 500 |
|
|
|a Description based on: 1981.
|
| 650 |
|
0 |
|a Biochemistry
|v Laboratory manuals.
|
| 710 |
2 |
|
|a Baylor College of Medicine.
|b Department of Cell Biology.
|
| 999 |
|
|
|a MARS
|
| 999 |
f |
f |
|s 50449dea-f730-3e57-97ca-26a2de180d8d
|i c5b9f676-8e57-3d26-a67a-e3f04bb76843
|t 0
|
| 952 |
f |
f |
|p ric
|a Texas A&M University
|b Rellis Campus
|c Joint Library Facility
|s JLF
|d Remote Storage
|t 0
|e QP519 .L25
|h Library of Congress classification
|i unmediated -- volume
|l 1981
|m A14807768703
|
| 998 |
f |
f |
|a QP519 .L25
|s 1981-1982
|t 0
|l Remote Storage
|